000 00445nam a2200145 a 4500
001 000032667
005 20200930065751.0
008 110725s1954 dr 000 0 spa d
040 _aDO-SdBNP
_bspa
_cBNPHU
082 _axxx
_bL215p
100 1 _aLamarche, J. B.
_924007
245 1 0 _aPoemas del humo, la marineria y el arrabal :
_bpoesías /
_cJ. B. Lamarche.
260 _aMadrid, España :
_bGráficas Valera,
_c1954.
300 _a128 p. ;
_c22 cm.
999 _c32158
_d32158